Delhi rent control act (Record no. 353249)

000 -LEADER
fixed length control field 00360cam a22001337a 4500
008 - FIXED-LENGTH DATA ELEMENTS--GENERAL INFORMATION
fixed length control field 180718b1989 xxu||||| |||| 00| 0 eng d
082 ## - DEWEY DECIMAL CLASSIFICATION NUMBER
Classification number XA4601x5461 Si64
100 ## - MAIN ENTRY--PERSONAL NAME
Personal name Jaspal Singh
245 ## - TITLE STATEMENT
Title Delhi rent control act
Statement of responsibility, etc. by Jaspal Singh
250 ## - EDITION STATEMENT
Edition statement 4th ed.
260 ## - PUBLICATION, DISTRIBUTION, ETC.
Place of publication, distribution, etc. Delhi
Name of publisher, distributor, etc. Pioneer
Date of publication, distribution, etc. 1989
300 ## - PHYSICAL DESCRIPTION
Extent 554p.
650 ## - SUBJECT ADDED ENTRY--TOPICAL TERM
Topical term or geographic name entry element Rent - Regulation - India - Delhi
Holdings
Withdrawn status Lost status Damaged status Not for loan Permanent Location Current Location Date acquired Full call number Barcode Date last seen Price effective from Koha item type
        Indian Institute of Public Administration Indian Institute of Public Administration 1993-12-01 XA4601x5461 Si64 64859 2018-07-21 2018-07-21 Book

Powered by Koha